Основы полноценного кормления свиней [Монография]
Պահպանված է:
| Ձևաչափ: | Գիրք |
|---|---|
| Լեզու: | ռուսերեն |
| Հրապարակվել է: |
Днепропетровск :
Арт-Пресс
2000
|
| Խորագրեր: | |
| Ցուցիչներ: |
Ավելացրեք ցուցիչ
Չկան պիտակներ, Եղեք առաջինը, ով նշում է այս գրառումը!
|
MARC
| LEADER | 00000nam a2200000 i 4500 | ||
|---|---|---|---|
| 001 | in00000000174 | ||
| 005 | 20251125073645.7 | ||
| 002 | 511846 | ||
| 008 | 011010s2000 unr l000 0yrus d | ||
| 020 | |a 9667355551 |c 6.90 грн. | ||
| 035 | |a ( UA-KiDNSGB)511846 | ||
| 040 | |a UA-KiMULG |b ukr |c UA-KiMULG | ||
| 080 | |a 636.4.084 | ||
| 090 | |a 636.4.084 | ||
| 245 | 0 | 0 | |a Основы полноценного кормления свиней : |b [Монография] / |c Авт.: А.И.Свеженцов, П.П.Антоненко, Д.Н.Масюк и др. ; Под ред. А.И.Свеженцова; Днепропетр. аграр. ун-т |
| 260 | |a Днепропетровск : |b Арт-Пресс, |c 2000 | ||
| 300 | |a 359 с. | ||
| 504 | |a Библиогр.: с. 354-357 | ||
| 530 | |a Original record |u https://kubg.libs.net.ua/kubg_recs/0000001009.txt | ||
| 650 | 0 | 4 | |a Свині |x Годівля |
| 942 | |2 UDC |c BK | ||
| 952 | |a XP |b книга |d ХР |i 511846 |p Kn0010426 |j 511846 |o 636.4.084 |g 6.90 | ||
| 920 | |a PAZK | ||
| 961 | |a 691 | ||
| 991 | 0 | 0 | |a 511846 |
| 997 | |a 0000001009 | ||
| 998 | |a 1009 | ||
| 999 | f | f | |i ebb98ee6-ab1c-4790-899f-edd730343337 |s ac55cad4-53a5-4c6c-814a-74e0d1d836fb |t 0 |
| 952 | f | f | |p Може видаватися |a Національна наукова сільськогосподарська бібліотека |b Центральна будівля |c ННСБ всі підрозділи |d Відділ зберігання |t 0 |e 511846 |i книга |m Kn0010426 |